000 00579cab a2200193 4500
001 ABS38473
008 090401t1987 xxu||||| |||| 00| 0 eng d
035 _a(Sirsi) u10870
041 _aeng
100 _aBowie, N.
245 _aMore thoughts on the market
260 _c1987
350 _a0
490 _aEstates Gazette
_v284(6357) 24 October 1987, 460(1)
520 _aGeneral overview of current trends which may affect property investment . Concentrates on the retail and office market s.
690 _aPROPERTY LAW AND PRACTICE
942 _n0
948 _c04/03/1997
999 _c6920
_d6920